000 00943nam a22002057a 4500
003 OSt
005 20160620110233.0
008 150409b xxu||||| |||| 00| 0 eng d
040 _cBMC
082 _a657
100 1 _935332
_aBaires López, Jacquelinne Roxana
245 1 0 _aPasantía de auditor tributario en la Dirección General de Impuestos Internos, Oficina Regional de Occidente, Ministerio de Hacienda, Santa Ana
_b: Informe final
_cJacquelinne Roxana Baires López
260 _aSanta Ana (El Salvador)
_bUniversidad Católica de El Salvador
_c2009
300 _a1 v. (pág. var.)
_c28 cm
_e+ 1 disco compacto
500 _aPrecede al tít.: Universidad Católica de El Salvador, Facultad de Ciencias Empresariales
502 _aPara optar al grado de Licenciatura en Contaduría Pública
650 2 4 _9877
_aContabilidad
710 2 4 _91067
_aUniversidad Católica de El Salvador
_bFacultad de Ciencias Empresariales
942 _2ddc
_cTG
999 _c21689
_d21689